[Event "European Amateur-ch U2300 2019"]
[Site "Rhodes"]
[Date "2019.04.08"]
[Round "3.5"]
[White "Zherebtsova, Alexandra"]
[Black "Van De Perre, Tom"]
[Result "1/2-1/2"]
[WhiteElo "2203"]
[BlackElo "2102"]
[Annotator "NA"]
[PlyCount "82"]
[EventDate "2019.04.06"]
[EventType "swiss"]
[EventCountry "GRE"]
[SourceTitle "playchess.com"]
[Source "ChessBase"]
[SourceQuality "1"]
[TimeControl "40/5400+30:1800+30"]

1. d4 {[%emt 0:00:53]} d5 {[%emt 0:00:00]} 2. c4 {[%emt 0:00:22]} e6 {[%emt 0:00:00]} 3. Nc3 {[%emt 0:00:51]} c6 {[%emt 0:00:06]} 4. cxd5 {[%emt 0:03:29]} exd5 {[%emt 0:00:08]} 5. Nf3 {[%emt 0:01:27] LiveBook: 667 Games} Bd6 {[%emt 0:00:43]} 6. Bg5 {[%emt 0:07:51]} Ne7 {[%emt 0:01:07]} 7. e3 {[%emt 0:03:17]} Bf5 {[%emt 0:00:57]} 8. Be2 {[%emt 0:04:27]} Nd7 {[%emt 0:02:25]} 9. Bh4 {[%emt 0:06:52]} O-O {[%emt 0:09:49]} 10. Bg3 {[%emt 0:01:09]} Nc8 $11 {[%emt 0:05:35]} 11. Nh4 {[%emt 0:08:17]} Bg6 {[%emt 0:04:16]} 12. Nxg6 {[%emt 0:11:33]} hxg6 {[%emt 0:02:02]} 13. Bd3 {[%emt 0:03:34]} Re8 {[%emt 0:07:23]} 14. Qf3 {[%emt 0:12:20]} Qg5 {[%emt 0:12:51]} 15. Bxd6 {[%emt 0:07:41]} Nxd6 {[%emt 0:00:18]} 16. h4 {[%emt 0:00:37]} Qh6 {[%emt 0:06:43]} 17. O-O-O {[%emt 0:06:26]} Nf6 {[%emt 0:03:44]} 18. g4 {[%emt 0:00:45]} g5 {[%emt 0:05:38]} 19. Qg2 {[%emt 0:06:50]} Nfe4 {[%emt 0:05:04]} 20. hxg5 {[%emt 0:01:42]} Qxg5 {[%emt 0:00:32]} 21. Rh5 {[%emt 0:01:30]} Qf6 {[%emt 0:01:15]} 22. Rdh1 {[%emt 0:01:20]} Kf8 {[%emt 0:01:23]} 23. Bxe4 {[%emt 0:04:21]} dxe4 {[%emt 0:03:02]} 24. Re5 {[%emt 0:02:45]} g6 {[%emt 0:02:14]} 25. Nxe4 {[%emt 0:01:11]} Nxe4 {[%emt 0:01:35]} 26. Qxe4 {[%emt 0:00:04]} Rad8 {[%emt 0:04:09]} 27. g5 {[%emt 0:00:45]} Qg7 {[%emt 0:00:01]} 28. f4 {[%emt 0:00:30]} Rxe5 {[%emt 0:01:53]} 29. dxe5 {[%emt 0:00:21]} Rd7 {[%emt 0:04:07]} 30. Qb4+ {[%emt 0:00:41]} Ke8 {[%emt 0:01:03]} 31. Kc2 {[%emt 0:00:43]} Qf8 {[%emt 0:01:03]} 32. Qxf8+ {[%emt 0:00:17]} Kxf8 {[%emt 0:00:09]} 33. Rh8+ {[%emt 0:00:53]} Ke7 {[%emt 0:00:12]} 34. Rh2 {[%emt 0:00:29]} Ke6 {[%emt 0:00:33]} 35. e4 {[%emt 0:00:09]} Rd4 {[%emt 0:00:27]} 36. Re2 {[%emt 0:00:04]} c5 {[%emt 0:00:43]} 37. Kc3 {[%emt 0:00:22]} b5 {[%emt 0:00:40]} 38. a3 {[%emt 0:00:31]} a5 {[%emt 0:01:07]} 39. b3 {[%emt 0:01:02]} a4 {[%emt 0:01:21]} 40. bxa4 {[%emt 0:00:00]} Rxa4 {[%emt 0:00:00]} 41. Kb2 {[%emt 0:01:25]} Rd4 {[%emt 0:01:15]} 1/2-1/2

[Event "European Amateur-ch U2300 2019"]
[Site "Rhodes"]
[Date "2019.04.11"]
[Round "4.1"]
[White "Yungucu, Arda"]
[Black "Van De Perre, Tom"]
[Result "0-1"]
[WhiteElo "1959"]
[BlackElo "2102"]
[Annotator "TA"]
[PlyCount "84"]
[EventDate "2019.04.06"]
[EventType "swiss"]
[EventCountry "GRE"]
[SourceTitle "playchess.com"]
[Source "ChessBase"]
[SourceQuality "1"]

{[%evp 22,84,-4,-12,0,-4,13,9,12,0,0,-50,-33,-77,-86,-84,-98,-110,-100,-98,-95,-87,-89,-79,-90,-115,-113,-131,-130,-131,-122,-305,-298,-631,-625,-682,-673,-720,-710,-1707,-1704,-2494,-2522,-29974,-308,-29975,-29976,-29986,-817,-2016,-779,-5143,-5103,-2221,-4794,-2582,-2424,-29988,-29989,-29989,-29990,-29991,-29992,-29992,-29993]} 1. Nf3 c5 2. g3 Nc6 3. Bg2 e5 4. d3 g6 5. O-O Bg7 6. c4 Nge7 7. Nc3 O-O 8. Ne1 d6 9. Nc2 Be6 10. Ne3 Rb8 11. Ned5 a6 12. a4 b6 {A37: Symmetrical English vs ...g6: 4 Bg2 Bg7 5 Nf3} 13. Bd2 (13. f4 exf4 14. Bxf4 Bxd5 15. Nxd5 Nxd5 16. Bxd5 Nb4 17. Qd2 Nxd5 18. cxd5 b5 19. Bh6 Bxh6 20. Qxh6 {½-½ (28) Grachev,B (2669)-Gabrielian,A (2555) Moscow 2014}) 13... f5 $146 ({Predecessor:} 13... Qd7 14. Rb1 Nb4 15. Nxe7+ Qxe7 16. Nd5 Nxd5 17. Bxd5 Bxd5 18. cxd5 e4 19. dxe4 Qxe4 20. Bf4 {1-0 (83) Wittje,B (2269)-Gottschlich,C (2338) Germany 2004}) 14. a5 bxa5 {The position is equal.} 15. Nxe7+ Nxe7 16. Na4 Bd7 17. Qe1 Nc6 18. Bxc6 Bxc6 19. Bxa5 Qd7 20. Nb6 Qa7 21. Nd5 Bxd5 22. cxd5 Rxb2 23. Bc3 Rb3 24. Ra4 Qb7 25. Qa1 Ra8 26. e4 $2 (26. Ra3 $17) 26... Qb5 $19 27. Rd1 $2 {[#]} (27. Bd2) 27... Rxc3 $1 {[%mdl 512]} 28. Ra5 (28. Qxc3 Qxa4) 28... Qb3 29. Rb1 Qc2 30. Rxa6 Rxa6 31. Rb8+ Bf8 32. Qxa6 Qd1+ 33. Kg2 {aiming for Qxd6.} Rc1 34. Kh3 Qg4+ (34... Qf1+ $142 35. Kh4 Qxf2 36. Kh3 Rh1 37. Rxf8+ Kg7 38. Qb7+ Kh6 39. Qxh7+ Kxh7 40. Kh4 Qd2 41. Rf7+ Kh6 42. Rh7+ Kxh7 43. exf5 Qh6+ 44. Kg4 Qh5#) 35. Kg2 fxe4 36. Qxd6 Qf3+ {[%mdl 64] [#] Double Attack} 37. Kh3 Qf5+ 38. Kg2 exd3 {( -> ...d2)} 39. Rxf8+ Qxf8 {Black mates.} 40. Qe6+ Qf7 41. Qxe5 d2 42. Qb8+ Qf8 {Accuracy: White = 45%, Black = 67%.} 0-1

[Event "European Amateur-ch U2300 2019"]
[Site "Rhodes"]
[Date "2019.04.11"]
[Round "4.2"]
[White "Stavropoulos, Konstantinos"]
[Black "Zherebtsova, Alexandra"]
[Result "1/2-1/2"]
[WhiteElo "2001"]
[BlackElo "2203"]
[Annotator "TA"]
[PlyCount "66"]
[EventDate "2019.04.06"]
[EventType "swiss"]
[EventCountry "GRE"]
[SourceTitle "playchess.com"]
[Source "ChessBase"]
[SourceQuality "1"]

{[%evp 13,66,25,22,19,25,21,20,21,25,25,25,0,0,0,39,0,0,0,0,-1,0,-8,0,-27,-20,-28,-30,-31,-23,-49,-47,-58,-14,-73,-45,-47,-46,-62,-45,-52,-41,-64,-41,-45,0,-14,0,0,0,0,0,0,0,0,0]} 1. d4 Nf6 2. c4 c6 3. Nc3 d5 4. cxd5 cxd5 5. Bf4 Nc6 6. e3 Bf5 7. Qb3 Na5 $1 {[%cal Ra5b3]} 8. Qa4+ {D10: Slav Defence: 3 cxd5 (without early Nf3) and 3 Nc3} Bd7 9. Qc2 e6 10. Bd3 Bb4 (10... Be7 11. Nf3 Rc8 12. O-O Nc6 13. Qe2 Nh5 14. Be5 O-O 15. h3 f5 {1-0 (38) Korobov,A (2694)-Rodshtein,M (2674) Czech Republic 2018}) 11. Nf3 Nh5 12. Be5 f6 13. Bg3 f5 14. O-O (14. Bh4 {seems wilder.} Nf6 15. O-O O-O 16. a3 Be7 17. Ne5) 14... Nxg3 15. hxg3 Rc8 16. Rac1 Bd6 {[#]} 17. Qe2 $146 ({Predecessor:} 17. Qb1) 17... h5 18. Ne5 Nc6 19. f4 Nxe5 20. fxe5 Be7 21. g4 hxg4 22. Qxg4 Bg5 ({Not} 22... Rh1+ $2 23. Kxh1 Kf8 24. Qh5 $18) 23. Rce1 (23. Qf3 $11) 23... Qe7 ({Much weaker is} 23... fxg4 24. Bg6+ Ke7 25. Rf7+ Ke8 26. Rf5+ Ke7 27. Rf7+ Ke8 28. Rf5+ Ke7 29. Rf7+ $11) ({Reject} 23... Rxc3 24. bxc3 fxg4 25. Bg6+ Ke7 26. Rf7+ Ke8 27. Rf5+ Ke7 28. Rf7+ Ke8 29. Rf5+ Ke7 30. Rf7+ $11) 24. Qf3 $1 Kd8 25. a3 g6 26. Kf2 Kc7 27. Rh1 Kb8 28. g3 a6 29. Rxh8 {The position is equal.} Rxh8 30. Rh1 Qg7 31. Ne2 Rh6 32. Nf4 Qh7 33. Kg1 Be7 {Accuracy: White = 59%, Black = 45%.} 1/2-1/2

[Event "European Amateur-ch U2300 2019"]
[Site "Rhodes"]
[Date "2019.04.09"]
[Round "4.3"]
[White "Cmiel, Thorsten"]
[Black "Shukan, Alexander"]
[Result "1/2-1/2"]
[WhiteElo "2109"]
[BlackElo "2088"]
[Annotator "NA"]
[PlyCount "43"]
[EventDate "2019.04.06"]
[EventType "swiss"]
[EventCountry "GRE"]
[SourceTitle "playchess.com"]
[Source "ChessBase"]
[SourceQuality "1"]
[TimeControl "40/5400+30:1800+30"]

1. c4 {[%emt 0:02:42]} e5 {[%emt 0:00:00]} 2. Nc3 {[%emt 0:01:37]} Nc6 {[%emt 0:00:00]} 3. e3 {[%emt 0:02:21]} Nge7 {[%emt 0:00:00]} 4. Nf3 {[%emt 0:09:39]} g6 {[%emt 0:01:24]} 5. d4 {[%emt 0:01:13]} exd4 {[%emt 0:00:04]} 6. exd4 {[%emt 0:02:26]} Bg7 {[%emt 0:06:40]} 7. d5 {[%emt 0:02:00]} Ne5 {[%emt 0:03:05]} 8. Nxe5 {[%emt 0:06:45]} Bxe5 {[%emt 0:00:05]} 9. Bd3 {[%emt 0:02:50]} O-O {[%emt 0:00:14]} 10. Bh6 {[%emt 0:06:19]} Re8 {[%emt 0:04:41]} 11. O-O {[%emt 0:00:10]} d6 {[%emt 0:00:10]} 12. Bg5 {[%emt 0:03:10]} f6 {[%emt 0:08:56]} 13. Bd2 {[%emt 0:09:31]} Bf5 {[%emt 0:01:46]} 14. Qc2 {[%emt 0:02:30]} Qd7 {[%emt 0:05:39]} 15. Rae1 {[%emt 0:03:18]} Bd4 {[%emt 0:03:40]} 16. Ne4 {[%emt 0:02:15]} Kf7 {[%emt 0:03:08]} 17. Bc3 {[%emt 0:06:27]} Bxc3 {[%emt 0:04:12]} 18. Qxc3 {[%emt 0:00:13]} Ng8 {[%emt 0:00:05]} 19. Ng3 {[%emt 0:07:58]} Bxd3 {[%emt 0:00:25]} 20. Qxd3 {[%emt 0:00:02]} Rxe1 {[%emt 0:00:12]} 21. Rxe1 {[%emt 0:00:24]} Re8 {[%emt 0:00:04]} 22. Rxe8 {[%emt 0:02:06]} 1/2-1/2

[Event "European Amateur-ch U2300 2019"]
[Site "Rhodes"]
[Date "2019.04.11"]
[Round "4.4"]
[White "Andreev, Stanislav"]
[Black "Brouwer, Dennis"]
[Result "1-0"]
[WhiteElo "2140"]
[BlackElo "2179"]
[Annotator "TA"]
[PlyCount "160"]
[EventDate "2019.04.06"]
[EventType "swiss"]
[EventCountry "GRE"]
[SourceTitle "playchess.com"]
[Source "ChessBase"]
[SourceQuality "1"]

{[%evp 23,160,30,31,8,37,0,0,-14,-11,-2,0,0,32,19,19,26,64,51,53,38,38,59,45,40,67,65,195,191,183,186,278,110,122,125,117,93,106,116,105,127,119,81,291,273,266,256,1205,1157,4878,721,649,233,698,360,385,384,420,413,381,356,400,400,695,687,679,646,549,475,401,263,367,220,633,496,482,475,475,389,273,8,509,91,91,0,0,0,0,0,0,0,0,0,0,0,0,0,12850,11045,29951,29952,29950,29950,29952,29956,29955,29956,29963,29961,29971,29972,29972,29973,29973,29973,29973,29974,29976,29977,29977,29975,29981,29976,29976,29977,29977,29978,29978,29978,29978,29979,29979,29980,29980,29981,29981,29982,29982,29983,29985]} 1. d4 Nf6 2. c4 g6 3. Nc3 d5 4. cxd5 Nxd5 5. e4 Nxc3 6. bxc3 Bg7 7. Bc4 c5 8. Ne2 Nc6 9. Be3 O-O 10. O-O Bg4 11. f3 Bd7 12. Rb1 Qc7 13. Bf4 {D87: Exchange Grünfeld: Classical Line: Variations without ...cxd4} (13. h4 cxd4 14. cxd4 Nxd4 15. Bxf7+ Rxf7 16. Nxd4 Rd8 17. Qb3 Qg3 18. Ne2 Qxh4 19. Bf2 Qf6 20. Rfd1 b6 {½-½ (119) Karjakin,S (2773)-Vachier Lagrave,M (2779) Saint Louis 2018}) 13... Qc8 (13... e5 $5 {[%cal Re5f4]} 14. Bg3 Rad8 $14) 14. d5 (14. Rc1 {is more complex.} Na5 15. Bd3 b6 16. Qd2 e5 17. Bh6) 14... Na5 {[#]} 15. Bb5 $146 {The position is equal.} (15. Bd3 {keeps more tension.} e6 16. Qd2 exd5 17. exd5 c4 18. Be4) ({Predecessor:} 15. Bd3 e6 16. c4 exd5 17. exd5 b5 18. cxb5 c4 19. Be4 Qc5+ 20. Kh1 Bxb5 {0-1 (35) Postny,E (2637)-Avrukh,B (2576) Beersheba 2013}) 15... Bxb5 16. Rxb5 Nc4 17. Rb1 b6 18. Qa4 Na5 19. c4 e5 20. Bg5 $36 {[%mdl 2048] White fights for an advantage.} f5 21. Nc3 Rf7 22. Nb5 Qd7 23. Qc2 Nb7 24. a4 Bf6 (24... f4 $14) 25. Bxf6 $18 Rxf6 26. f4 Re8 (26... exf4 $142 27. e5 (27. Rxf4 Re8 $14) 27... Rff8) 27. Qb2 $2 (27. Nxa7 fxe4 28. fxe5 Rxf1+ 29. Rxf1 Rxe5 $11) (27. fxe5 $1 $18 Rxe5 28. Qc3 (28. Nxa7 Rxe4 29. Qb2 Rf8 $11)) 27... Qe7 28. Nxa7 Na5 29. fxe5 Qxe5 30. Qxe5 Rxe5 31. Nc6 $1 {[%cal Rc6e5]} Rxe4 32. Rxb6 Nxc6 $2 (32... Kg7 $16 {was worth a try.}) 33. dxc6 $16 {[%mdl 4096] Endgame KRR-KRR} ({Not} 33. Rxc6 Rxc6 34. dxc6 Re6 $16) 33... Re8 34. Rd1 Kf7 $2 (34... Rc8 35. Rd7 Rcxc6 36. Rb8+ Rf8) 35. Rd7+ $18 Ke6 {[#]} 36. Rxh7 (36. Rd8 $142 $1 {[%mdl 512]} Rxd8 37. c7+ Kd7 38. cxd8=Q+ (38. Rxf6 Kxc7 39. a5 Rd4 $11) 38... Kxd8 39. Rxf6) 36... Ke5 37. Rd7 $2 (37. a5) 37... Kf4 $2 (37... Rc8 38. Rd5+ Ke4 39. Rxc5 Kd4) 38. Kf2 Rfe6 39. g3+ Kg4 {( -> ...Re2+)} 40. Rd2 Rc8 41. a5 {[%cal Ba4a5,Ba5a6][%mdl 32]} Rcxc6 42. Rdb2 g5 (42... f4 $142 43. Rxc6 Rxc6) 43. Rxc6 Rxc6 {KR-KR} 44. Rb6 Rc8 45. a6 {Threatens to win with a7.} Rd8 46. Re6 Rd7 47. Re2 (47. Re1 $142) 47... f4 $2 (47... Ra7 48. Ra2 f4) 48. Ra2 Rh7 49. Kf1 Ra7 50. Kg2 Kf5 51. h3 $2 (51. h4 $18) 51... Ke4 $2 {[%mdl 8192]} (51... fxg3 $1 $11 {and Black has nothing to worry.} 52. Kxg3 Ke4) 52. gxf4 $2 (52. h4 $18) 52... Kxf4 $16 53. Ra4 ({White should try} 53. Ra5 $16) 53... Ke4 $11 54. Kg3 {aiming for Kg4.} Kd4 55. Kg4 Kc3 $1 56. Kxg5 {h4 is the strong threat.} Kb3 57. Ra1 {And now Kg6 would win.} Kxc4 58. h4 Kb3 59. Rb1+ Ka3 $2 {[%mdl 8192]} (59... Kc2 $11 60. Rb6 Kd3) 60. Kf5 $18 c4 {[#]} 61. Ke4 $1 {White mates.} Ka2 62. Rb4 Rxa6 63. Rxc4 Kb3 64. Rd4 Kc3 65. Rd3+ Kc4 66. Rh3 Rh6 67. h5 Kc5 68. Ke5 Kc6 69. Kf5 Kd7 70. Kg5 Rh8 71. Kg6 Re8 72. Rd3+ Kc6 73. h6 Rg8+ 74. Kf7 Rg1 75. Rd4 Rf1+ 76. Kg6 Rg1+ 77. Kh5 Kc5 78. Rh4 Rd1 79. h7 Rd8 80. Kg6 Kd5 {Accuracy: White = 55%, Black = 37%.} 1-0

[Event "European Amateur-ch U2300 2019"]
[Site "Rhodes"]
[Date "2019.04.11"]
[Round "4.5"]
[White "Samaridis, Konstantinos"]
[Black "Minko, Dmitry"]
[Result "1-0"]
[WhiteElo "2022"]
[BlackElo "2169"]
[Annotator "TA"]
[PlyCount "87"]
[EventDate "2019.04.06"]
[EventType "swiss"]
[EventCountry "GRE"]
[SourceTitle "playchess.com"]
[Source "ChessBase"]
[SourceQuality "1"]

{[%evp 14,86,0,1,31,20,31,25,31,31,111,87,93,97,79,26,50,62,43,5,3,-89,-78,-61,58,52,60,49,219,225,410,156,190,189,165,180,168,159,430,421,434,422,406,0,0,0,405,410,325,413,408,408,410,402,908,891,898,883,2500,859,852,855,2567,2130,2018,1733,1464,830,1725,1324,1995,1853,29992,29979,29999]} 1. e4 e5 2. Nf3 Nc6 3. Bb5 Nf6 4. O-O Nxe4 5. d4 Nd6 6. dxe5 Nxb5 7. a4 {[%cal Ba2a4,Ba4b5][%mdl 32]} d6 8. e6 fxe6 {C67: Ruy Lopez: Berlin Defence: 4 0-0 Nxe4} (8... Bxe6 9. axb5 Ne5 10. Nd4 Bd7 11. f4 Ng4 12. Qf3 Be7 13. f5 Nf6 14. Qxb7 O-O 15. Nc6 Bxc6 16. Qxc6 d5 17. Bf4 Bd6 18. Nc3 Bxf4 19. Rxf4 Re8 {½-½ (19) Firouzja,A (2561)-Wang,H (2711) Kuala Lumpur 2018}) 9. axb5 Nb4 10. Ng5 {[%mdl 1024] White has compensation.} Qf6 {White has an edge.} 11. Ra4 Nd5 (11... a5 $14) 12. Re1 $16 {And now Qxd5 would win.} Be7 13. Rae4 $1 {[%cal Re4e6]} O-O 14. f3 (14. f4 $1 $16 {[%cal Re4e6]} h5 15. Nxe6 (15. Qxh5 Qh6 $16) 15... Bxe6 16. Rxe6) 14... Bd8 $1 $11 15. Rxe6 $146 ({Predecessor:} 15. Nxe6 Bxe6 16. Rxe6 {½-½ (52) Nayhebaver,M (2437)-Cabezas Ayala,I (2318) Linares 2016}) 15... Bxe6 16. Nxe6 c6 17. c4 (17. Nxf8 $11 {keeps the balance.} Bb6+ 18. Kh1 Rxf8 19. Na3) 17... Bb6+ $17 18. Kh1 {[#]} Ne7 (18... Ne3 $1 $15 {[%mdl 512]} 19. Bxe3 Rfe8) 19. Bg5 $14 Qg6 {Strongly threatening ...Rfe8.} 20. Bxe7 Rfe8 $2 (20... Rf7 $1 $14 21. Bh4 (21. Bxd6 Re8 $14) 21... Re8) 21. Qxd6 $18 Bf2 $2 (21... Bd8 {keeps fighting.}) 22. Rd1 $2 (22. Re4 $18 {is the precise move to win.}) 22... Qf7 23. Nc7 {[%mdl 64] Double Attack} ({And not} 23. bxc6 Qxe7 24. Qxe7 Rxe7 $17) 23... Rxe7 24. Nxa8 Qe8 {( -> ...Re1+)} 25. g3 {aiming for bxc6.} Re1+ $2 (25... Qf8 $16 26. Qf4 Qxa8 27. bxc6 bxc6) 26. Kg2 Re2 {...Bc5+ is the strong threat.} 27. Kf1 $1 Re1+ {[#]} 28. Kg2 $2 ({White must play} 28. Rxe1 $1 $18 Qxe1+ 29. Kg2 Qg1+ 30. Kh3 Qf1+ 31. Kh4 Qxc4+ 32. f4) 28... Re2 $1 $11 {Hoping for ...Bc5+.} 29. Kf1 $2 {[%mdl 8192]} (29. Qd3 $11 Bxg3+ 30. Kf1 (30. Kxg3 Qe5+ {[%mdl 64] Double Attack} 31. f4 Re3+ {[%mdl 64] Double Attack} 32. Kg2 Rxd3 $15) 30... Re1+ 31. Kg2 Re2+ 32. Kf1 (32. Kxg3 Qe5+ {[%mdl 64] Double Attack} 33. f4 Re3+ {[%mdl 64] Double Attack} 34. Kg2 Rxd3 $15) 32... Re1+ 33. Kg2 Re2+) 29... Re1+ $18 {[#]} 30. Rxe1 $1 Qxe1+ 31. Kg2 Qg1+ 32. Kh3 Qf1+ 33. Kh4 Qxb1 (33... Qxc4+ $142 34. f4 Bc5) 34. Qb8+ Kf7 35. Qxb7+ {[%mdl 64] Double Attack} Kf8 36. Qc8+ (36. Qb8+ $142 Kf7 37. Qf4+ Kg6 38. Qg5+ Kf7 39. bxc6) 36... Ke7 37. Qc7+ Kf8 38. Qd8+ Kf7 39. Qd7+ Kf6 40. Qxc6+ Kf7 41. Qd7+ Kf6 42. Nc7 {[%csl Gc7][%cal Rd7e6]} Qe1 43. Ne8+ {[%mdl 64] Double Attack} Ke5 44. Qd5# {Accuracy: White = 46%, Black = 27%.} 1-0

[Event "European Amateur-ch U2300 2019"]
[Site "Rhodes"]
[Date "2019.04.10"]
[Round "5.1"]
[White "Minko, Dmitry"]
[Black "Yungucu, Arda"]
[Result "1-0"]
[WhiteElo "2169"]
[BlackElo "1959"]
[Annotator "NA"]
[PlyCount "71"]
[EventDate "2019.04.06"]
[EventType "swiss"]
[EventCountry "GRE"]
[SourceTitle "playchess.com"]
[Source "ChessBase"]
[SourceQuality "1"]
[TimeControl "40/5400+30:1800+30"]

1. e4 {[%emt 0:00:00]} c5 {[%emt 0:00:00]} 2. Nf3 {[%emt 0:00:00]} Nc6 {[%emt 0:00:14]} 3. d4 {[%emt 0:00:00]} cxd4 {[%emt 0:00:16]} 4. Nxd4 {[%emt 0:00:00]} Nf6 {[%emt 0:00:17]} 5. Nc3 {[%emt 0:00:00]} e5 {[%emt 0:00:35]} 6. Ndb5 {[%emt 0:00:19]} d6 {[%emt 0:00:26]} 7. a4 {[%emt 0:00:51]} a6 {[%emt 0:02:07]} 8. Na3 {[%emt 0:00:07]} Be7 {[%emt 0:01:05]} 9. Bg5 {[%emt 0:00:30]} Be6 {[%emt 0:00:45]} 10. Bxf6 {[%emt 0:00:17]} Bxf6 {[%emt 0:00:23]} 11. Bc4 {[%emt 0:00:21]} Rc8 {[%emt 0:02:39]} 12. Nd5 {[%emt 0:00:31]} Bg5 {[%emt 0:01:08]} 13. c3 {[%emt 0:00:48]} O-O {[%emt 0:01:00]} 14. O-O {[%emt 0:02:40]} Kh8 {[%emt 0:02:03]} 15. Qe2 {[%emt 0:02:18]} Qe8 {[%emt 0:02:46] B33: Sicilian: Pelikan and Sveshnikov Variations} (15... Nb8 16. Rfd1 Nd7 17. a5 Qxa5 18. Nb5 Qd8 19. Nxd6 Rb8 20. Ne3 Bxe3 21. Bxe6 fxe6 22. Qxe3 Qc7 23. Rd2 Nc5 24. Rad1 Nb3 25. Rd3 Nc5 26. R3d2 Nb3 27. Rd3 {½-½ (27) Panarin,M (2555)-Jobava,B (2708) Sochi 2014}) 16. Nb6 {[%emt 0:17:42]} Rd8 {[%emt 0:01:25]} 17. b4 {[%emt 0:03:24]} (17. Rad1 $16) 17... f5 {[%emt 0:07:24]} 18. b5 {[%emt 0:05:13]} axb5 $146 {[%emt 0:10:08]} ({Predecessor:} 18... Na5 19. Bxe6 Qxe6 20. Rab1 fxe4 21. c4 axb5 22. axb5 d5 23. Nxd5 {1-0 (41) Kuijf,M (2445)-Martinez Gonzalez,F (2295) Sitges 1993}) 19. Nxb5 $14 {[%emt 0:15:51]} Na5 {[%emt 0:26:17]} 20. Rfd1 {[%emt 0:11:49]} Qf7 {[%emt 0:05:55]} 21. Bxe6 {[%emt 0:03:21]} Qxe6 {[%emt 0:00:39]} 22. Rd5 {[%emt 0:12:03]} fxe4 {[%emt 0:13:53]} 23. Qxe4 {[%emt 0:04:44]} Rf4 {[%emt 0:01:11]} 24. Qd3 {[%emt 0:01:09]} e4 {[%emt 0:04:39]} 25. Qd1 {[%emt 0:02:38]} e3 {[%emt 0:03:44]} 26. Nd4 {[%emt 0:06:45]} exf2+ {[%emt 0:03:53]} 27. Kf1 {[%emt 0:00:03]} Qe3 {[%emt 0:03:03]} 28. Rxg5 {[%emt 0:02:34]} Re8 {[%emt 0:01:42]} 29. Qe2 {[%emt 0:00:31]} Qxe2+ {[%emt 0:03:32]} 30. Nxe2 {[%emt 0:00:09]} Rfe4 {[%emt 0:00:04]} 31. Rxa5 {[%emt 0:00:41]} Rxe2 {[%emt 0:00:08]} 32. Ra8 {[%emt 0:00:04]} Rxa8 {[%emt 0:01:32]} 33. Kxe2 {[%emt 0:00:09]} Rf8 {[%emt 0:00:11]} 34. Rf1 {[%emt 0:00:12]} g5 {[%emt 0:00:12]} 35. Rxf2 {[%emt 0:00:08]} Re8+ {[%emt 0:00:03]} 36. Kd3 {[%emt 0:00:45]} 1-0

[Event "European Amateur-ch U2300 2019"]
[Site "Rhodes"]
[Date "2019.04.10"]
[Round "5.2"]
[White "Brouwer, Dennis"]
[Black "Samaridis, Konstantinos"]
[Result "1-0"]
[WhiteElo "2179"]
[BlackElo "2022"]
[Annotator "NA"]
[PlyCount "79"]
[EventDate "2019.04.06"]
[EventType "swiss"]
[EventCountry "GRE"]
[SourceTitle "playchess.com"]
[Source "ChessBase"]
[SourceQuality "1"]
[TimeControl "40/5400+30:1800+30"]

1. e4 {[%emt 0:00:00]} c5 {[%emt 0:00:48]} 2. Nc3 {[%emt 0:00:17]} d6 {[%emt 0:00:16]} 3. Nge2 {[%emt 0:00:18]} Nf6 {[%emt 0:02:25]} 4. d4 {[%emt 0:00:13]} cxd4 {[%emt 0:00:06]} 5. Nxd4 {[%emt 0:00:06]} g6 {[%emt 0:00:03]} 6. g3 {[%emt 0:00:44]} Nc6 {[%emt 0:00:19]} 7. Nde2 {[%emt 0:00:24]} Bg7 {[%emt 0:00:05]} 8. Bg2 {[%emt 0:00:08]} Bd7 {[%emt 0:00:02]} 9. O-O {[%emt 0:05:59]} Qc8 {[%emt 0:00:13]} 10. Bg5 $146 {[%emt 0:07:52] B70: Sicilian Dragon: 6 g3 and 6 Be2 (without a later Be3)} ({Predecessor:} 10. Nf4 O-O 11. Be3 Ng4 12. Bd2 Nge5 13. b3 f5 14. Rc1 Kh8 15. exf5 Bxf5 16. Ncd5 g5 17. Nd3 g4 18. Nxe5 dxe5 {1-0 (43) Efimenko,Z (2703)-Motylev,A (2690) Poikovsky 2011}) 10... h6 {[%emt 0:06:23]} 11. Be3 {[%emt 0:01:12]} Bh3 {[%emt 0:03:07]} 12. Qc1 {[%emt 0:16:09]} h5 {[%emt 0:15:40]} 13. f3 {[%emt 0:03:19]} h4 {[%emt 0:13:28]} 14. Bxh3 {[%emt 0:01:34]} Qxh3 {[%emt 0:00:08]} 15. Nf4 {[%emt 0:05:08]} Qd7 {[%emt 0:02:17]} 16. g4 {[%emt 0:11:00]} Nxg4 {[%emt 0:19:30]} 17. fxg4 {[%emt 0:00:10]} Qxg4+ {[%emt 0:00:04]} 18. Kf2 $1 {[%emt 0:02:53]} ({Much worse is} 18. Kh1 Bxc3 19. bxc3 g5 $17) 18... Nd4 {[%emt 0:05:55]} (18... Rc8 $14) 19. Qd2 {[%emt 0:06:58]} Nf3 {[%emt 0:03:17]} 20. Qe2 {[%emt 0:04:21]} Nxh2 {[%emt 0:00:52]} 21. Rg1 {[%emt 0:02:05]} Qc8 {[%emt 0:06:32]} 22. Rg2 {[%emt 0:01:23]} Be5 $18 {[%emt 0:03:31]} 23. Rh1 {[%emt 0:02:21]} Bxc3 {[%emt 0:12:18]} 24. bxc3 {[%emt 0:00:15]} Qxc3 {[%emt 0:00:25]} 25. Rhxh2 {[%emt 0:02:55]} Rc8 {[%emt 0:00:19]} 26. Qb5+ {[%emt 0:05:39]} Kf8 {[%emt 0:02:10]} 27. Kf3 {[%emt 0:00:32]} Qf6 {[%emt 0:01:57]} 28. Qg5 {[%emt 0:01:53]} h3 {[%emt 0:01:05]} 29. Qxf6 {[%emt 0:00:29]} exf6 {[%emt 0:00:05]} 30. Rd2 {[%emt 0:00:53]} Ke7 {[%emt 0:00:29]} 31. Bxa7 {[%emt 0:03:29]} Rc3+ {[%emt 0:00:08]} 32. Rd3 {[%emt 0:04:49]} Rxc2 {[%emt 0:00:06]} 33. Rxc2 {[%emt 0:00:11]} h2 {[%emt 0:00:02]} 34. Rc7+ {[%emt 0:00:25]} Kd8 {[%emt 0:00:21]} 35. Rc1 {[%emt 0:00:10]} h1=Q+ {[%emt 0:01:21]} 36. Rxh1 {[%emt 0:00:06]} Rxh1 {[%emt 0:00:04]} 37. Rxd6+ {[%emt 0:00:13]} Ke7 {[%emt 0:00:24]} 38. Bc5 {[%emt 0:01:03]} Rf1+ {[%emt 0:00:39]} 39. Ke3 {[%emt 0:00:54]} Rc1 {[%emt 0:00:34]} 40. Nd5+ {[%emt 0:00:00]} 1-0